La Reforma agraria vive /
Guardado en:
| Autor principal: | |
|---|---|
| Formato: | Texto |
| Materias: | |
| Etiquetas: |
Agregar Etiqueta
Sin Etiquetas, Sea el primero en etiquetar este registro!
|
MARC
| LEADER | 00000 a a2200000 04500 | ||
|---|---|---|---|
| 001 | 739 | ||
| 003 | |||
| 040 | |||
| 100 | |a García Jiménez, Emilio | ||
| 245 | |a La Reforma agraria vive / |c Emilio García Jiménez | ||
| 650 | |a REFORMA AGRARIA | ||
| 650 | |a GLOBALIZACION | ||
| 650 | |a SEMINARIOS | ||
| 650 | |a MOVIMIENTOS SOCIALES | ||
| 773 | |g volumen 26, número 352; páginas 13-16 | ||
| 999 | |c 23167 |d 23167 | ||
